00510nam a2200157Ia 4500003000400000008004100004040001600045082001500061100002400076245012400100260004000224300001100264650002300275650002300298650003100321GCL140319s9999 xx 000 0 eng d aGCL / cGCL04a338.4bG P1 aGREGORY, WILLIAM H.10aTHE PRICE OF PEACE: THE FUTURE OF DEFENSE INDUSTRY AND HIGH TECHNOLOGY IN A POST-COLD WAR WORLD / cGREGORY, WILLIAM H. a[S.N] : bLEXINGTON BOOKS ، c1993 a225 P[04aINDUSTRY AND STATE04aDEFENSE INDUSTRIES04aHIGH TECHNOLOGY INDUSTRIES